Statistics for Taylor Swift Debut Emoji Pictionary

Click here to take the quiz!

General Stats

  • This quiz has been taken 41 times
  • The average score is 8 of 11

Answer Stats

HintsAnswer% Correct
πŸ“ΈπŸ”₯Picture to Burn
100%
πŸ’¦πŸŽΈTeardrops On My Guitar
100%
πŸ‘―β€β™€οΈπŸŽ΅πŸŽΆOur Song
87%
🀠Tim McGraw
87%
🏝🌎A Place In This World
74%
πŸ₯ΆπŸ‘‰πŸ»πŸ‘±πŸ»Cold As You
74%
πŸͺ’πŸ‘―β€β™€οΈπŸ˜ŠTied Together With a Smile
71%
πŸ‘©πŸŽ΅Mary's Song (Oh My My My)
68%
πŸ€·πŸΌβ€β™€οΈπŸ—£πŸ™…πŸ»β€β™‚οΈShould've Said No
66%
🏞The Outside
63%
πŸ’„πŸ‘ΈπŸ½Stay Beautiful
58%

Score Distribution

Percentile by Number Answered

Percent of People with Each Score

Your Score History

You have not taken this quiz